000 00481nam a2200181Ia 4500
005 20250508152946.0
008 008 250505s9999 xx 000 0 eng d
037 _aTextual
040 _aFEDL
_beng
_cFEDL
041 _aeng
_2eng
084 _a910.41, MUN
_qFEDL
100 _aMunshi K M Ed.
245 0 _aWorld we saw
260 _aBombay, India
_bBharatiya Vidya Bhavan
_c1960
300 _a232p.
942 _cTEXL
_h910.41, MUN
999 _c1339834
_d1339834